| Tag |
First Indicator |
Second Indicator |
Subfields |
| LEADER |
00000cam a2200000 a 4500 |
| 001 |
in00000015394 |
| 005 |
20151007053042.0 |
| 008 |
880109s1988 nyu 00110 eng d |
| 010 |
|
|
|a 88004547
|
| 020 |
|
|
|a 0671627120 :
|c $19.95
|
| 035 |
|
|
|a (OCoLC)17321859
|
| 035 |
|
|
|9 AAB0218AM
|
| 040 |
|
|
|a CLE
|c WIA
|d CLE
|d OCL
|d UtOrBLW
|
| 049 |
|
|
|a TXAM
|c [A11108096]
|
| 050 |
0 |
0 |
|a E876
|b .N59 1988
|
| 100 |
1 |
|
|a Nixon, Richard M.
|q (Richard Milhous),
|d 1913-1994.
|
| 245 |
1 |
0 |
|a 1999 :
|b victory without war /
|c Richard Nixon.
|
| 264 |
|
1 |
|a New York :
|b Simon and Schuster,
|c [1988]
|
| 264 |
|
4 |
|c ©1988
|
| 300 |
|
|
|a 336 pages ;
|c 25 cm.
|
| 336 |
|
|
|a text
|b txt
|2 rdacontent
|
| 337 |
|
|
|a unmediated
|b n
|2 rdamedia
|
| 338 |
|
|
|a volume
|b nc
|2 rdacarrier
|
| 500 |
|
|
|a Includes index.
|
| 536 |
|
|
|a Gift from Dale E. Leber honoring his former student, John R.W. Fugitt, '97 ; January, 2001.
|
| 651 |
|
0 |
|a United States
|x Foreign relations
|y 1981-1989.
|
| 650 |
|
0 |
|a World politics
|y 1985-1995.
|
| 650 |
|
0 |
|a Peace.
|
| 651 |
|
0 |
|a United States
|x Foreign relations
|z Soviet Union.
|
| 651 |
|
0 |
|a Soviet Union
|x Foreign relations
|z United States.
|
| 999 |
|
|
|a MARS
|
| 999 |
f |
f |
|s 8dbc7102-31ec-3fb9-a36f-aee88a5f9e0e
|i 913b3c20-61c6-3b44-a244-a6449a991925
|t 0
|
| 952 |
f |
f |
|p normal
|a Texas A&M University
|b College Station
|c Sterling C. Evans Library
|d Evans: Library Stacks
|t 0
|e E876 .N59 1988
|h Library of Congress classification
|i unmediated -- volume
|m A14827154500
|
| 998 |
f |
f |
|a E876 .N59 1988
|t 0
|l Evans: Library Stacks
|